000 01473nam a2200409 a 4500
001 0000234
003 DO-SdBNP
005 20180306125852.0
007 0000234
008 150130s 2013 dr ac 000 0 spa d
010 _a
020 _a9789945461931
040 _aBPMSU
_bspa
_cBPMSU
092 _a372.7
_bR788m, 1ro. 2013
100 1 _aRosa, María del Jesús de la
245 1 0 _aMatemática 1 :
_b[educación básica] /
_cMaría del Jesús de la Rosa, Dolores de la Rosa ; ilustraciones Ramón Sandoval.
250 _aed. rev. y actualizada
260 _aSanto Domingo :
_bActualidad Escolar 2000,
_c2013.
300 _a3v. :
_bil., retrs. ;
_c28 cm.
490 1 _aSigma
500 _aPrimer grado. Primer ciclo educación básica
500 _aLa biblioteca posee v.1. Libro texto. v.2. Libro del maestro
504 _aBibliografías : p. 201
505 1 _tMe ubico --
_tNumeración I --
_tNumeración II --
_tNumeración III --
_tNumeración IV --
650 _aMATEMÁTICAS
_xENSEÑANZA BÁSICA
650 _aEDUCACIÓN PRIMARIA
_zREPÚBLICA DOMINICANA
650 _aMATEMÁTICAS
_zESEÑANZA ELEMENTAL
650 _aMATEMÁTICA
_xLIBROS DE TEXTO
650 _aMATEMÁTICA
_xESTUDIOS Y EJERCICIOS
700 1 2 _a Rosa, Dolores de la
700 1 _aSandoval, Ramón
_eil.
830 0 _aSigma
910 _aValidado. Control de calidad MFF
942 _2ddc
_cBK
945 _aRemanejado para la BNPHU / 2018 VM
956 _aYLOCKWARD
_b10
999 _c7942
_d7942